| 000 | 01028nam a22003015i 4500 | ||
|---|---|---|---|
| 001 | 16558 | ||
| 003 | ES-MaACL | ||
| 005 | 20250831121733.0 | ||
| 007 | t| | ||
| 008 | 001017s1996 sp ||||0| spa j | ||
| 020 | _a84-7517-490-6 | ||
| 040 |
_aM-BN _bspa _cM-BN |
||
| 080 | _a840-14"18" | ||
| 100 | 1 |
_aLaforgue, Jules. _969518 |
|
| 245 | 1 | 0 |
_aImitación de Nuestra Señora la Luna _b: ; El concilio feérico ; Ultimos versos / _cJules Laforgue ; traducción y prólogo, Alfredo Rodríguez López-Vázquez. |
| 250 | _aEd. bilingüe. | ||
| 260 |
_aMadrid : _bHiperión, _cD.L. 1996. |
||
| 300 |
_a235 p. : _b1 retr. ; _c20 cm. |
||
| 490 | 1 |
_aPoesía Hiperión ; _v284 |
|
| 500 | _aTexto en francés y traducción en español. | ||
| 700 | 1 |
_aRodríguez López-Vázquez, Alfredo, _d1932- _998618 |
|
| 740 | 3 | _aEl concilio feérico. | |
| 740 | 0 | _aUltimos versos. | |
| 830 | 0 |
_aPoesía Hiperión ; _v284 _9177326 |
|
| 852 |
_aES-MaACL _jL-23721 _bR.128871 |
||
| 999 |
_c16558 _d16558 |
||